Najlepsze Europejskie Kluby Piłkarskie - Statystyki

Ogólne statystyki
  • Ten quiz został rozwiązany 893 razy
  • Średni wynik to 11 z 15
Statystyki odpowiedzi
% Poprawnych
1. Real Madryt
99%
3. FC Barcelona
94%
6. Manchester City
91%
4. Bayern Monachium
89%
8. FC Liverpool
89%
9. Manchester United
89%
7. Paris Saint-Germain
86%
14. Chelsea
85%
5. Juventus Turyn
85%
13. Borussia Dortmund
77%
10. Arsenal
76%
2. Atletico Madryt
73%
12. Tottenham Hotspur
59%
11. Sevilla FC
37%
15. Olympique Lyon
2%
Nie znaleziono quizów pasujących do podanych kryteriów
Rozkład punktacji
Procent ludzi z każdym wynikiem
Percentyl według liczby udzielonych odpowiedzi
Twoja historia wyników
Nie rozwiązałeś tego quizu